书目信息 |
| 题名: |
藏族英雄史诗《格萨尔王传》
|
|
| 作者: | 刘蕊 编著 | |
| 分册: | ||
| 出版信息: | 长春 吉林文史出版社 2018重印 |
|
| 页数: | 136页 | |
| 开本: | 22cm | |
| 丛书名: | 中国文化知识读本 | |
| 单 册: | ||
| 中图分类: | I207.914 | |
| 科图分类: | ||
| 主题词: | 英雄史诗--ying xiong shi shi--藏族--少数民族文学--文学研究 | |
| 电子资源: | ||
| ISBN: | 978-7-5463-4997-8 | |
| 000 | 01209nam 2200277 45 | |
| 001 | 012001010821 | |
| 005 | 20140104092940.0 | |
| 010 | @a978-7-5463-4997-8@dCNY34.80 | |
| 099 | @aCAL 012011329115 | |
| 100 | @a20111026d2011 ekmy0chiy0120 ea | |
| 101 | 0 | @achi |
| 102 | @aCN@b220000 | |
| 105 | @aacf z 000yy | |
| 106 | @ar | |
| 200 | 1 | @a藏族英雄史诗《格萨尔王传》@Azang zu ying xiong shi shi 《 ge sa er wang zhuan 》@f刘蕊编著 |
| 210 | @a长春@c吉林文史出版社@d2018重印 | |
| 215 | @a136页@c图, 肖像@d22cm | |
| 225 | 2 | @a中国文化知识读本@Azhong guo wen hua zhi shi du ben@i中国古代文史巨著@f金开诚主编 |
| 330 | @a《格萨尔王传》是藏族的英雄史诗。它是一部在藏族人民中广泛流传、家喻户晓的巨著。这部世界文学名著规模宏伟、卷帙浩繁、内容丰富、场景壮阔、诗文绚丽,是世界上最长的一部史诗,是藏族民间诗歌的代表作,是藏族优秀文化的宝贵遗产和最高成就,是藏族人民对人类文明的一大贡献。 | |
| 410 | 0 | @12001 @a中国文化知识读本@i中国古代文史巨著 |
| 605 | @a格萨尔王传@Age sa er wang zhuan@x文学研究 | |
| 606 | 0 | @a英雄史诗@Aying xiong shi shi@x藏族@x少数民族文学@x文学研究 |
| 690 | @aI207.914@v4 | |
| 701 | 0 | @a刘蕊@Aliu rui@4编著 |
| 801 | 2 | @aCN@b上海新华@c20191020 |
| 905 | @b1137142-4@dI207.914@e929@f3 | |
| 藏族英雄史诗《格萨尔王传》/刘蕊编著.-长春:吉林文史出版社,2018重印 |
| 136页:图, 肖像;22cm.-(中国文化知识读本.中国古代文史巨著/金开诚主编) |
| ISBN 978-7-5463-4997-8:CNY34.80 |
| 《格萨尔王传》是藏族的英雄史诗。它是一部在藏族人民中广泛流传、家喻户晓的巨著。这部世界文学名著规模宏伟、卷帙浩繁、内容丰富、场景壮阔、诗文绚丽,是世界上最长的一部史诗,是藏族民间诗歌的代表作,是藏族优秀文化的宝贵遗产和最高成就,是藏族人民对人类文明的一大贡献。 |
| ● |
| 相关链接 |
|
|
|
|
正题名:藏族英雄史诗《格萨尔王传》
索取号:I207.914/929
 
预约/预借
| 序号 | 登录号 | 条形码 | 馆藏地/架位号 | 状态 | 备注 |
| 1 | 1137142 | 211371424 | 第一样本阅览室/ [索取号:I207.914/929] | 在馆 | |
| 2 | 1137143 | 211371433 | 第二借阅区/ [索取号:I207.914/929] | 在馆 | |
| 3 | 1137144 | 211371442 | 第二借阅区/ [索取号:I207.914/929] | 在馆 |